| 000 | 01165cam a22002891 4500 | ||
|---|---|---|---|
| 001 | e 32000427 | ||
| 003 | DLC | ||
| 005 | 20260227111222.0 | ||
| 008 | 791114s1932 xx 000 0 eng c | ||
| 010 | _ae 32000427 | ||
| 035 | _a(OCoLC)5695931 | ||
| 040 |
_aU.S. Office of Education Library _cScCC _dOCoLC _dDLC |
||
| 042 | _apremarc | ||
| 050 | 0 | 0 |
_aL111 _b.A6 1932 no. 2 |
| 051 |
_aLB2329 _b.E35 |
||
| 100 | 1 |
_aEckelberry, Roscoe Huhn, _d1891- |
|
| 245 | 1 | 4 |
_aThe history of the municipal university in the United States, _cby R.H. Eckelberry. |
| 260 |
_aWashington, _bU.S. Govt. print. off., _c1932. |
||
| 300 |
_aviii, 213 p. _bincl. tables. front., plates. _c23 cm. |
||
| 490 | 0 |
_aU.S. Office of education. Bulletin, 1932, _vno. 2 |
|
| 500 | _aAt head of title: United States Department of the interior. Ray Lyman Wilbur, secretary. Office of education. William John Cooper, commissioner. | ||
| 504 | _aBibliography: p. 199-213. | ||
| 504 | _aBibliographical footnotes. | ||
| 650 | 0 |
_aMunicipal universities and colleges _zUnited States. |
|
| 650 | 0 |
_aUniversities and colleges _zUnited States |
|
| 740 | 0 | _aMunicipal university in the United States. | |
| 999 |
_c21235 _d21235 |
||